MARC details
| 000 -BAŞLIK |
| Sabit Uzunlukta Kontrol Alanı |
02061na a2200325 4500 |
| 001 - KONTROL NUMARASI |
| Denetim Alanı |
22752 |
| 003 - KONTROL NUMARASI IDENTIFIER |
| Denetim Alanı |
MIRAKIL |
| 005 - SON İŞLEM TARİHİ VE ZAMANI |
| Denetim Alanı |
20181213154944.0 |
| 008 - SABİT-BOY VERİ ELEMANLARI - GENEL BİLGİLER |
| Sabit Uzunlukta Kontrol Alanı |
170224b tu 000 0 |
| 035 ## - SİSTEM KONTROL NUMARASI |
| Sistem Kontrol Numarası |
20792 |
| 040 ## - KATALOGLAMA KAYNAK |
| Orijinal Kataloglama Ajansı |
Milas |
| Kataloglama Dili |
tur |
| Metne Dönüştürmek Ajansı |
TR-AnCHP |
| 041 ## - DİL KODU |
| Metin / Ses Parça Veya Ayrı Başlığın Dil Kodu |
tur |
| 082 ## - DEWEY ONLU SINIFLANDIRMA NUMARASI |
| Sınıflandırma Numarası |
CHP 370.9561 |
| Ürün Numarası |
E35 [2000- |
| 090 ## - SINIFLAMA NUMARASI |
| Sınıflama Numarası |
CHP 370.9561 E35 [2000- |
| 091 ## - MICROFILM RAF YER (AM) [OBSOLETE] |
| Mikrofilm Raf Yeri |
EĞİTİM-1 |
| 245 ## - BAŞLIK TABLOSU |
| Başlık |
[Eğitime ilişkin CHP politikaları ile ilgili çeşitli belgeler] |
| Sorumluluk Tablosu, Vb |
[hazırlayan] CHP |
| 440 ## - SERİSİ TABLOSU / KATMA GİRİŞİ - BAŞLIK |
| Başlık |
Cumhuriyet Halk Partisi yayınları |
| Bir İşin Parçası / Bölümün İsmi |
Raporlar |
| 505 ## - BİÇİMLENDİRİLDİ İÇİNDEKİLER NOT |
| Biçimlendirilmiş İçeriği Dikkat |
1)Eğitim sistemi tartışmaları CHP ne öngörüyor: 1+8+4/ CHP Araştırma, Bilim ve Yönetim Platformu politika notları- 2) Türkiye Bilimler Akademisi AKP kıskacında: Türkiye'de kurumsal ve bilimsel özerkliğin tahribatı/ CHP Araştırma, Bilim ve Yönetim Platformu politika notları - 3) CHP iktidarında öğretmen/ Şahin Aybek - 4) Milli Eğitim Bakanı Hüseyin çelik yönetimindeki Talim ve Terbiye Kurulu Başkanlığı tarafından çıkarılan programlarda ve bazı ders kitaplarına yer alan bazı sözleri dikkate alarak kitap özeti ve basın toplantısı/Nusret Alperen |
| 610 ## - KONU KATMA GİRİŞ - TOPLANTI ADI |
| Giriş Elemanı Olarak Kurumsal Ad Veya Yargı Alanı Adı |
CHP |
| Genel Alt Bölüm |
Raporlar |
| Kronolojik Alt Bölüm |
Eğitim |
| 610 ## - KONU KATMA GİRİŞ - TOPLANTI ADI |
| Giriş Elemanı Olarak Kurumsal Ad Veya Yargı Alanı Adı |
CHP |
| Genel Alt Bölüm |
Eğitim sorunları |
| Kronolojik Alt Bölüm |
Çözüm önerileri |
| 610 ## - KONU KATMA GİRİŞ - TOPLANTI ADI |
| Giriş Elemanı Olarak Kurumsal Ad Veya Yargı Alanı Adı |
CHP |
| Genel Alt Bölüm |
Eğitim politikaları |
| 740 ## - KATMA GİRİŞ - KONTROLSUZ İLGİLİ / ANALİTİK BAŞLIK |
| Kontrol Edilmeyen / İlgili Analitik Başlıktaki |
Milli Eğitim Bakanı Hüseyin çelik yönetimindeki Talim ve Terbiye Kurulu Başkanlığı tarafından çıkarılan programlarda ve bazı ders kitaplarına yer alan bazı sözleri dikkate alarak kitap özeti ve basın toplantısı/Nusret Alperen |
| 740 ## - KATMA GİRİŞ - KONTROLSUZ İLGİLİ / ANALİTİK BAŞLIK |
| Kontrol Edilmeyen / İlgili Analitik Başlıktaki |
CHP iktidarında öğretmen/ Şahin Aybek |
| 740 ## - KATMA GİRİŞ - KONTROLSUZ İLGİLİ / ANALİTİK BAŞLIK |
| Kontrol Edilmeyen / İlgili Analitik Başlıktaki |
Türkiye Bilimler Akademisi AKP kıskacında: Türkiye'de kurumsal ve bilimsel özerkliğin tahribatı/ CHP Araştırma, Bilim ve Yönetim Platformu politika notları |
| 740 ## - KATMA GİRİŞ - KONTROLSUZ İLGİLİ / ANALİTİK BAŞLIK |
| Kontrol Edilmeyen / İlgili Analitik Başlıktaki |
Eğitim sistemi tartışmaları CHP ne öngörüyor: 1+8+4/ CHP Araştırma, Bilim ve Yönetim Platformu politika notları |
| 740 ## - KATMA GİRİŞ - KONTROLSUZ İLGİLİ / ANALİTİK BAŞLIK |
| Kontrol Edilmeyen / İlgili Analitik Başlıktaki |
CHP eğitim politikaları |
| 830 ## - SERİSİ EKLENDİ GİRİŞ - ÜNİFORM ADI |
| Üniforma Başlık |
CHP raporları |
| 942 ## - EKLENDİ GİRİŞ ELEMANLARI (KOHA) |
| Sınıflandırma Veya Raf Düzeni Kaynak |
|
| Koha Öğesi Türü |
Books |
| 999 ## - SİSTEM KONTROL NUMARALARI (KOHA) |
| Koha Biblionumber |
3812 |
| Koha Biblioitemnumber |
3812 |